| 000 | 00440nam a22001817a 4500 | ||
|---|---|---|---|
| 003 | MPLRDC | ||
| 005 | 20220104144305.0 | ||
| 008 | 210129b ||||| |||| 00| 0 eng d | ||
| 020 | _a7-02-004259-7 | ||
| 082 | _a859.6 QDN | ||
| 100 | _a齐东尼 | ||
| 245 |
_a运动王子 _c亚宝图 |
||
| 250 | _a一版一刷 | ||
| 260 |
_a中国 _b人民文学出版社 _c2003 |
||
| 300 | _b206 | ||
| 650 | _a儿童故事 | ||
| 942 |
_cBK _o859.6 QDN |
||
| 999 |
_c48181 _d48171 |
||